000 00498nam a2200181Ia 4500
005 20250423100534.0
008 250422s9999 xx 000 0 und d
020 _a9789401038614
050 _aQK 725 .P558/
100 _aEditors by Carpital N. ; Campbel M. and Tierney M.
245 0 _aPlant cell walls
260 _aDordrecht ; Boston
260 _bKluwer Academic Publishers
260 _c2024
300 _a340 p. : ill. ; 29 cm.
650 _a Plant molecular biology.
942 _cBK
999 _c33616
_d33616